000 00326nam a22001337a 4500
005 20240705161632.0
008 240705b |||||||| |||| 00| 0 eng d
041 _aeng
100 _aUNKALKAR, V.G.
_98399
245 _aQUICK TIPS ON VEDIC MATHS QUIZ
260 _aBANGALORE
_bVANDANA PUBLISHERS
300 _a70;p
942 _cBK
999 _c8553
_d8551